Scotland Immigration by Country - Statistics

General Stats
  • This quiz has been taken 102 times
  • The average score is 15 of 20
Answer Stats
# People Country of Origin % Correct
18,650 Ireland
96%
7,110 France
94%
71,250 Poland
90%
412,520 England
89%
19,052 Germany
89%
12,400 Canada
87%
21,000 India
87%
16,084 United States
87%
7,800 China
86%
17,210 Wales
85%
23,950 Italy
82%
8,000 Pakistan
82%
7,710 Ukraine
68%
7,300 Turkey
67%
13,080 Syria
63%
25,300 Nigeria
58%
34,000 Northern Ireland
58%
7,520 South Africa
56%
7,300 Brazil
53%
21,650 Lithuania
47%
No matching quizzes found
Score Distribution
Percent of People with Each Score
Percentile by Number Answered
Your Score History
You have not taken this quiz